000 00462nam a2200181Ia 4500
008 230524s9999 xx 000 0 und d
020 _a8120305019
082 _a629.895
_bRAB
100 _aLawrence R.Rabiner
245 0 _aTheory and Applications of Digital Signal Processing
250 _a1ST
260 _aNEW DELHI
_bPHI
_c2005
300 _aXII;755
500 _aQuantity Number: 5
650 _aElectronics
700 _a Bernard Gold
942 _cBK
999 _c34273
_d34273